Geographical Locations Starting with I and J - Statistics

General Stats
  • This quiz has been taken 93 times
  • The average score is 21 of 25
Answer Stats
Hint Answer % Correct
The region of Europe consisting of Andorra, Spain, Portugal, and Gibraltar Iberia
98%
Home country of singer Björk Iceland
98%
Country in the Middle East known as Persia until 1935 Iran
98%
Largest city and former capital of Turkey Istanbul
96%
Largest city of Indonesia Jakarta
96%
Capital of Pakistan Islamabad
95%
Its largest city is Chicago Illinois
94%
Its capital is Boise Idaho
93%
Des Moines is its capital Iowa
92%
A sea between the islands of Great Britain and Ireland {Irish} Sea
92%
South African city known as "The City of Gold" Johannesburg
91%
One of the islands of the Greater Sunda Islands in Indonesia Java
89%
Island in the West Indies to the south of Cuba and the west of Haiti Jamaica
88%
Capital of Alaska Juneau
88%
The city that is Saudi Arabia's commercial center and the 2nd largest city Jeddah
87%
Former French colony comprising the peninsula containing Vietnam, Cambodia and Laos Indochina
84%
The current name for Zion Jerusalem
84%
N. European peninsula that forms the continental portion of Denmark and part of Germany Jutland
84%
Self-governing British Crown dependency in the Irish Sea between England and Ireland Isle of Man
80%
A sea in the central and east central part of the Mediterranean {Ionian} Sea
76%
Ancient, Biblical city with the Jordan River to the east and Jerusalem to the west Jericho
71%
Location of major battle of WWII and a Japanese island Iwo Jima
69%
A narrow strip of land with sea on either side Isthmus
68%
The county town of Suffolk, England Ipswich
64%
Japanese for number one Ichiban
12%
No matching quizzes found
Score Distribution
Percent of People with Each Score
Percentile by Number Answered
Your Score History
You have not taken this quiz